| 000 -ლიდერი |
| ფიქსირებული სიგრძის საკონტროლო ველი |
01345nam a2200253Ia 4500 |
| 001 - საკონტროლო ნომერი |
| საკონტროლო ველი |
16085 |
| 003 - საკონტროლო ნომრის იდენტიფიკატორი |
| საკონტროლო ველი |
GE_BSU |
| 005 - ბოლო ოპერაციის თარიღი და დრო |
| საკონტროლო ველი |
20241209145708.0 |
| 008 - ფიქსირებული სიგრძის მონაცემთა ელემენტები - ზოგადი ინფორმაცია |
| ფიქსირებული სიგრძის საკონტროლო ველი |
181216s1989||||ge |||||||||||||| ||geo|| |
| 040 ## - კატალოგიზაციის წყარო |
| Transcribing agency |
GE_BSU |
| 041 ## - ენის კოდი |
| Language code of text/sound track or separate title |
geo |
| 080 ## - უნივერსალური ათობითი კლასიფიკაციის ინდექსი |
| Universal Decimal Classification number |
821-84+821-1+821-3 ს-47 |
| 245 ## - ცნობა სათაურის შესახებ |
| Title |
სიბრძნის სიმფონია : |
| Remainder of title |
[აფორიზმები, ხატოვანი თქმები, რჩეული აზრები მსოფლიოს ხალხთა პოეზიასა და პროზაში] / |
| Statement of responsibility, etc |
შედგენა, თარგმნა, შესავალი, განმარტებანი აკაკი გელოვანისა. |
| 264 ## - წარმოების, გამოცემის, დისტრიბუციის და სხვა ცნობები |
| გამოცემის, წარმოების, დისტრიბუციის... ადგილი |
თბილისი : |
| გამოცემის, წარმოების, დისტრიბუციის... სახელწოდება |
ხელოვნება, |
| გამოცემის, წარმოების, დისტრიბუციის... თარიღი |
1989. |
| 300 ## - ფიზიკური აღწერა |
| Extent |
815 გვ. : |
| Other physical details |
ილ. ; |
| Dimensions |
21 სმ. |
| 653 ## - INDEX TERM--UNCONTROLLED |
| Uncontrolled term |
სიბრძნის სიმფონია |
| 653 ## - INDEX TERM--UNCONTROLLED |
| Uncontrolled term |
ეგვიპტე |
| 653 ## - INDEX TERM--UNCONTROLLED |
| Uncontrolled term |
ბიზანტიური პოეზიიდან |
| 653 ## - INDEX TERM--UNCONTROLLED |
| Uncontrolled term |
ევროპა |
| 653 ## - INDEX TERM--UNCONTROLLED |
| Uncontrolled term |
ამერიკა |
| 653 ## - INDEX TERM--UNCONTROLLED |
| Uncontrolled term |
მოძმე ხალხები ქართული სიბრძნის საგანძურიდან |
| 700 ## - ADDED ENTRY--PERSONAL NAME |
| Personal name |
გელოვანი, აკაკი |
| Relator term |
შემდგენელი |
| 9 (RLIN) |
23922 |
| 942 ## - ADDED ENTRY ELEMENTS (KOHA) |
| Koha item type |
წიგნი |
| Source of classification or shelving scheme |
|